Alone / (Record no. 219545)

000 -LEADER
fixed length control field 01547pam a2200373 a 4500
001 - CONTROL NUMBER
control field 13670701
003 - CONTROL NUMBER IDENTIFIER
control field Nust
005 - DATE AND TIME OF LATEST TRANSACTION
control field 20170213185912.0
008 - FIXED-LENGTH DATA ELEMENTS--GENERAL INFORMATION
fixed length control field 040729s2005 nyu 000 1 eng
010 ## - LIBRARY OF CONGRESS CONTROL NUMBER
LC control number 2004057577
020 ## - INTERNATIONAL STANDARD BOOK NUMBER
International Standard Book Number 9780752865164
035 ## - SYSTEM CONTROL NUMBER
System control number (OCoLC)ocm56111658
040 ## - CATALOGING SOURCE
Original cataloging agency DLC
Transcribing agency DLC
Modifying agency YDX
-- DLC
043 ## - GEOGRAPHIC AREA CODE
Geographic area code n-us-ma
050 00 - LIBRARY OF CONGRESS CALL NUMBER
Classification number PS3557.A7132
Item number A79 2005
082 00 - DEWEY DECIMAL CLASSIFICATION NUMBER
Classification number 813.54
Author Mark GAR
100 1# - MAIN ENTRY--PERSONAL NAME
Personal name Gardner, Lisa.
245 10 - TITLE STATEMENT
Title Alone /
Statement of responsibility, etc. Lisa Gardner.
260 ## - PUBLICATION, DISTRIBUTION, ETC.
Place of publication, distribution, etc. New York :
Name of publisher, distributor, etc. Bantam Books,
Date of publication, distribution, etc. 2005.
300 ## - PHYSICAL DESCRIPTION
Extent 362 p. ;
Dimensions 25 cm.
650 #0 - SUBJECT ADDED ENTRY--TOPICAL TERM
Topical term or geographic name entry element Police
Geographic subdivision Massachusetts
-- Boston
Form subdivision Fiction.
650 #0 - SUBJECT ADDED ENTRY--TOPICAL TERM
Topical term or geographic name entry element Judges
General subdivision Family relationships
Form subdivision Fiction.
650 #0 - SUBJECT ADDED ENTRY--TOPICAL TERM
Topical term or geographic name entry element Police shootings
Form subdivision Fiction.
650 #0 - SUBJECT ADDED ENTRY--TOPICAL TERM
Topical term or geographic name entry element Family violence
Form subdivision Fiction.
650 #0 - SUBJECT ADDED ENTRY--TOPICAL TERM
Topical term or geographic name entry element Rich people
Form subdivision Fiction.
651 #0 - SUBJECT ADDED ENTRY--GEOGRAPHIC NAME
Geographic name Boston (Mass.)
Form subdivision Fiction.
655 #7 - INDEX TERM--GENRE/FORM
Genre/form data or focus term Mystery fiction.
Source of term gsafd
856 42 - ELECTRONIC LOCATION AND ACCESS
Materials specified Contributor biographical information
Uniform Resource Identifier <a href="http://www.loc.gov/catdir/bios/random051/2004057577.html">http://www.loc.gov/catdir/bios/random051/2004057577.html</a>
856 41 - ELECTRONIC LOCATION AND ACCESS
Materials specified Sample text
Uniform Resource Identifier <a href="http://www.loc.gov/catdir/samples/random051/2004057577.html">http://www.loc.gov/catdir/samples/random051/2004057577.html</a>
856 42 - ELECTRONIC LOCATION AND ACCESS
Materials specified Publisher description
Uniform Resource Identifier <a href="http://www.loc.gov/catdir/description/random051/2004057577.html">http://www.loc.gov/catdir/description/random051/2004057577.html</a>
906 ## - LOCAL DATA ELEMENT F, LDF (RLIN)
a 7
b cbc
c orignew
d 1
e ocip
f 20
g y-gencatlg
942 ## - ADDED ENTRY ELEMENTS (KOHA)
Source of classification or shelving scheme
Koha item type Book
Holdings
Withdrawn status Lost status Source of classification or shelving scheme Damaged status Not for loan Collection code Permanent Location Current Location Shelving location Date acquired Total Checkouts Total Renewals Full call number Barcode Date last seen Date last checked out Copy number Price effective from Koha item type
            Central Library (CL) Central Library (CL) Fiction 02/13/2017 11 8 813.54 GAR CL1521 02/07/2025 08/27/2024 1 02/13/2017 Book
© 2023 Central Library, National University of Sciences and Technology. All Rights Reserved.